000 00437nam a2200181Ia 4500
001 23202
005 20260414150922.0
008 260414t2013||||xx |||||||||||||| ||spa||
041 _aESP
082 _a625.8
_bN29
100 _aNavarro Buitrago, Félix
_eAUT
245 0 _aiPavement :
_bel pavimento inteligente
260 _c2013
300 _a120 páginas :
_c24 cm.
650 _a0
654 _aCIC
942 _cLIB
_dJUS
_fJUS
_2ddc
_n
999 _c23202
_d23202